| 000 | 00453ntaaa2200181 4500 | ||
|---|---|---|---|
| 003 | 01 | ||
| 005 | 20251027201149.0 | ||
| 008 | 0714s1973 ag 01 | ||
| 040 |
_aAR-BaBN _bspa _cAR-BaBN _eaacr _dRIC |
||
| 082 | _a223.2 D36s | ||
| 100 |
_aDeissler, Alfonso _99426 |
||
| 245 |
_aLos Salmos / _cAlfonso Deissler |
||
| 250 | _a1 ed. | ||
| 260 |
_aFlorida : _bPaulinas, _c1966 |
||
| 300 | _a564 p. | ||
| 650 | _aBiblia-Antiguo Testamento-Salmos | ||
| 942 | _cBK | ||
| 999 |
_c5900 _d5900 |
||